000 00480nam a2200157Ia 4500
008 210719s1997 xx 000 0 und d
041 _aeng
082 _a622 KUDR
100 _aKUDREMUKH IRON ORE COMPANY LTD
245 _aMining with care protecting environment and preserving ecology
260 _aBangalore
_c1997
300 _a32
_bPB
650 _aEngineering
650 _aMining
906 _aand ; care ; ecology ; environment ; Mining ; preserving ; protecting ; with
999 _c214593
_d214593